000 01089nam a22003377a 4500
003 CHAP
005 20220329135652.0
008 971013s1980 r 00010 d
010 _a40239
011 _a41211
035 _a45337
040 _cCHAP
090 _aTesis
100 0 0 _aMoranchel Bugarín, Estrella del Carmen.
_978480
245 _aAnteproyecto de norma de calidad para jamones en México
260 _aMéxico, D.F. :
_bEl autor,
_c1980
300 _a95 h
500 _aFotocopia
502 _aTesis (Químico Farmacéutico Biólogo) -- UNAM. Facultad de Química
590 _aALEPH
_b10
_c20130110
_lUCH01
_h1309
590 _aBATCH-UPD
_b10
_c20130109
_lUCH01
_h2313
590 _aBATCH-UPD
_b10
_c20130110
_lUCH01
_h2138
590 _aBATCH-UPD
_b10
_c20130409
_lUCH01
_h1833
590 _aBATCH-UPD
_b10
_c20130410
_lUCH01
_h1447
590 _aBATCH-UPD
_b10
_c20130914
_lUCH01
_h1701
590 _aCONVERSION
_b10
_c20130109
_lUCH01
_h1322
650 1 4 _aJamón
_xNormas de calidad.
_961037
901 _aBK
942 _cTESIS
949 _bBC
_cTES
_d-103589
_eTS1
_i45337
_si
999 _c40239
_d40239